000 00495pab a2200181 454500
008 180718b2012 xxu||||| |||| 00| 0 eng d
100 _aSingh, S.P.
245 _aBihar the land of resistance, rebellions and revolts (1757-1857)
260 _c2012
300 _ap.75-90.
362 _aJul-Dec
650 _aRevolutionary movements- India - Bihar
650 _aBihar - History
650 _aHistory
773 _aJournal of Social and Economic Studies
908 _aN
909 _a102933
999 _c102931
_d102931